College Football Stadiumms - Statistics

General Stats
  • This quiz has been taken 12 times
  • The average score is 19 of 26
Answer Stats
Hint Answer % Correct
Death Valley (ACC) Clemson
100%
The Swamp Florida
100%
Neyland Stadium Tennessee
100%
Rose Bowl UCLA
100%
Bryant-Denny Stadium Alabama
91%
Death Valley (SEC) LSU
91%
The Big House Michigan
91%
Kyle Field Texas A&M
91%
The Coliseum USC
91%
Jordan-Hare Stadium Auburn
82%
Sanford Stadium Georgia
82%
The Horseshoe Ohio State
82%
Autzen Stadium Oregon
82%
Beaver Stadium Penn State
82%
Husky Stadium Washington
82%
Lane Stadium Virginia Tech
73%
Camp Randall Wisconsin
73%
Doak Campbell Stadium Florida State
55%
Kinnick Stadium Iowa
55%
Williams-Brice Stadium South Carolina
55%
Wallace Wade Stadium Duke
45%
Carter-Finley Stadium NC State
45%
Boone Pickens Stadium Oklahoma State
45%
Memorial Stadium Nebraska
36%
Alumni Stadium Boston College
27%
Jack Trice Stadium Iowa State
27%
No matching quizzes found
Score Distribution
Percent of People with Each Score
Percentile by Number Answered
Your Score History
You have not taken this quiz